| 000 | 00451nam a2200181Ia 4500 | ||
|---|---|---|---|
| 001 | 8402 | ||
| 005 | 20260306160606.0 | ||
| 008 | 260306t2011||||xx |||||||||||||| ||spa|| | ||
| 041 | _aESP | ||
| 082 |
_a370.72 _bC62 |
||
| 100 |
_aCifuentes Gil, Rosa María _eAUT |
||
| 245 | 0 | _aDiseño de proyectos de investigación cualitativa | |
| 260 | _c2011 | ||
| 300 |
_a67 páginas : _c22 cm. |
||
| 650 | _aGEN | ||
| 654 | _aCED | ||
| 942 |
_cLIB _dJUS _fJUS _2ddc _n |
||
| 999 |
_c8402 _d8402 |
||